<?xml version="1.0" encoding="UTF-8"?><?xml-stylesheet type="text/xsl" href="static/style.xsl"?><OAI-PMH xmlns="http://www.openarchives.org/OAI/2.0/" xmlns:xsi="http://www.w3.org/2001/XMLSchema-instance" xsi:schemaLocation="http://www.openarchives.org/OAI/2.0/ http://www.openarchives.org/OAI/2.0/OAI-PMH.xsd"><responseDate>2026-04-17T03:11:24Z</responseDate><request verb="GetRecord" identifier="oai:www.recercat.cat:10459.1/64749" metadataPrefix="marc">https://recercat.cat/oai/request</request><GetRecord><record><header><identifier>oai:recercat.cat:10459.1/64749</identifier><datestamp>2024-12-05T22:21:43Z</datestamp><setSpec>com_2072_3622</setSpec><setSpec>col_2072_479130</setSpec></header><metadata><record xmlns="http://www.loc.gov/MARC21/slim" xmlns:dcterms="http://purl.org/dc/terms/" xmlns:xsi="http://www.w3.org/2001/XMLSchema-instance" xmlns:doc="http://www.lyncode.com/xoai" xsi:schemaLocation="http://www.loc.gov/MARC21/slim http://www.loc.gov/standards/marcxml/schema/MARC21slim.xsd">
   <leader>00925njm 22002777a 4500</leader>
   <datafield ind2=" " ind1=" " tag="042">
      <subfield code="a">dc</subfield>
   </datafield>
   <datafield ind2=" " ind1=" " tag="720">
      <subfield code="a">Bretón, Víctor</subfield>
      <subfield code="e">author</subfield>
   </datafield>
   <datafield ind2=" " ind1=" " tag="260">
      <subfield code="c">2018-09-21T15:50:50Z</subfield>
   </datafield>
   <datafield ind2=" " ind1=" " tag="260">
      <subfield code="c">2018-09-21T15:50:50Z</subfield>
   </datafield>
   <datafield ind2=" " ind1=" " tag="260">
      <subfield code="c">2018-06</subfield>
   </datafield>
   <datafield ind2=" " ind1=" " tag="260">
      <subfield code="c">2018-09-21T15:50:50Z</subfield>
   </datafield>
   <datafield ind2=" " ind1=" " tag="520">
      <subfield code="a">En el marco de las transformaciones experimentadas en los Andes ecuatorianos durante el último tercio del siglo XX, este texto se interpela sobre las relaciones entre esos cambios, las estrategias desplegadas por los grupos subalternos indígenas y el manejo de la identidad étnica como elemento activable en el combate por el reconocimiento y el acceso a recursos. En medio de una investigación de largo aliento en la provincia de Chimborazo, el artículo explora algunas líneas de reflexión provisionales sobre las que se sugieren varias hipótesis de trabajo. La primera de esas líneas incide en considerar las vías de liquidación del régimen terrateniente en el condicionamiento de las formas que adoptaron los liderazgos campesinos e indígenas resultantes de esos procesos. Ello implica retomar y actualizar los viejos debates sobre la comunidad andina, aportando, a partir de las especificidades etnográficas locales, argumentos a una discusión de alcance regional. Lo dicho nos ubica, en tercer lugar, frente a la plasticidad de los procesos de politización de la etnicidad y la reconfiguración de las estructuras de poder e intermediación en el mundo indígena, particularmente tras la reforma agraria y la aparición de formas inéditas de interlocución que conllevó la ampliación del espacio social derivado del avance de la globalización.</subfield>
   </datafield>
   <datafield ind2=" " ind1=" " tag="520">
      <subfield code="a">Rethinking the Agrarian and Indigenous Question from the Andes of Ecuador Within the context of the transformations of the Ecuadorian Andes in the last decades of the twentieth century, this text explores the relations between these changes, the strategies de-ployed by subaltern indigenous groups, and the use of an ethnic identity as an activating element in the struggle for social recognition and access to resources. Resulting from a lengthy research project in the province of Chimborazo, this article examines some provi-sional lines of thought that suggest several working hypotheses. The first of these lines of thought focuses on how the debunkment of the landowning regime conditioned the political forms that peasant and indigenous leaders adopted as an outcome of these processes. This implies reworking and updating the old debates about Andean community by enhancing specific ethnographic localities in order to produce arguments that have a regional scope. This leads us to a third line of reasoning that acknowledges the variety of the processes of ethnic politicization, the reconfiguration of power structures, as well as forms of intermedia-tion with the indigenous world that arose especially after the agrarian reform. Such new forms of dialogue were concomitant with the widening of social space due to the advance of globalization.</subfield>
   </datafield>
   <datafield ind1="8" ind2=" " tag="024">
      <subfield code="a">http://hdl.handle.net/10459.1/64749</subfield>
   </datafield>
   <datafield tag="653" ind2=" " ind1=" ">
      <subfield code="a">Ecuador</subfield>
   </datafield>
   <datafield tag="653" ind2=" " ind1=" ">
      <subfield code="a">Desarrollo rural</subfield>
   </datafield>
   <datafield tag="653" ind2=" " ind1=" ">
      <subfield code="a">Estudios rurales</subfield>
   </datafield>
   <datafield tag="653" ind2=" " ind1=" ">
      <subfield code="a">Reforma agraria</subfield>
   </datafield>
   <datafield tag="653" ind2=" " ind1=" ">
      <subfield code="a">Movimientos sociales</subfield>
   </datafield>
   <datafield tag="653" ind2=" " ind1=" ">
      <subfield code="a">Desenvolupament rural</subfield>
   </datafield>
   <datafield tag="653" ind2=" " ind1=" ">
      <subfield code="a">Reforma agrària</subfield>
   </datafield>
   <datafield tag="653" ind2=" " ind1=" ">
      <subfield code="a">Equador</subfield>
   </datafield>
   <datafield tag="653" ind2=" " ind1=" ">
      <subfield code="a">Moviments socials</subfield>
   </datafield>
   <datafield tag="653" ind2=" " ind1=" ">
      <subfield code="a">Rural development</subfield>
   </datafield>
   <datafield tag="653" ind2=" " ind1=" ">
      <subfield code="a">Agrarian reform</subfield>
   </datafield>
   <datafield tag="653" ind2=" " ind1=" ">
      <subfield code="a">Ecuador</subfield>
   </datafield>
   <datafield tag="653" ind2=" " ind1=" ">
      <subfield code="a">Social movements</subfield>
   </datafield>
   <datafield ind2="0" ind1="0" tag="245">
      <subfield code="a">Repensando la cuestión agraria e indígena desde los Andes del Ecuador</subfield>
   </datafield>
</record></metadata></record></GetRecord></OAI-PMH>